English institutions / (Record no. 184569)
[ view plain ]
| 000 -LEADER | |
|---|---|
| fixed length control field | 00604 a2200157 4500 |
| 003 - CONTROL NUMBER IDENTIFIER | |
| control field | Nust |
| 005 - DATE AND TIME OF LATEST TRANSACTION | |
| control field | 20230307115130.0 |
| 040 ## - CATALOGING SOURCE | |
| Transcribing agency | Nust |
| 082 ## - DEWEY DECIMAL CLASSIFICATION NUMBER | |
| Classification number | 342.02,STA |
| 245 ## - TITLE STATEMENT | |
| Title | English institutions / |
| Statement of responsibility, etc. | Lord Stamp (editor) |
| 260 ## - PUBLICATION, DISTRIBUTION, ETC. | |
| Place of publication, distribution, etc. | London |
| Name of publisher, distributor, etc. | Cambridge |
| Date of publication, distribution, etc. | 1950 |
| 300 ## - PHYSICAL DESCRIPTION | |
| Extent | 232 p. |
| 505 ## - FORMATTED CONTENTS NOTE | |
| Formatted contents note | Government By The People (Page-1), Government By Party (Page-31), The House Of Common (Page-64), The Monarchy (Page-103), Administration (Page-114), Cabinet Government (Page-142), Government In War Time (Page-189), British Democracy (Page-209). |
| 650 ## - SUBJECT ADDED ENTRY--TOPICAL TERM | |
| Topical term or geographic name entry element | English institutions |
| 9 (RLIN) | 109941 |
| 942 ## - ADDED ENTRY ELEMENTS (KOHA) | |
| Source of classification or shelving scheme | |
| Koha item type | Book |
| Withdrawn status | Lost status | Source of classification or shelving scheme | Damaged status | Not for loan | Permanent Location | Current Location | Shelving location | Date acquired | Full call number | Barcode | Date last seen | Price effective from | Koha item type | Public note |
|---|---|---|---|---|---|---|---|---|---|---|---|---|---|---|
| Military College of Signals (MCS) | Military College of Signals (MCS) | General Stacks | 12/12/2016 | 342.02,STA | MCS29524 | 12/08/2016 | 12/12/2016 | Book | Almirah No.73, Shelf No.6 |
